| 000 | 00688nam a22001937a 4500 | ||
|---|---|---|---|
| 003 | AUA.1 | ||
| 005 | 20260208115224.0 | ||
| 008 | 260208b |||||||| |||| 00| 0 eng d | ||
| 040 | _cJTL | ||
| 100 | _aNyanamba, Bernda Nyangweso | ||
| 245 |
_aTowards a culturally aware user interface evaluation instrument for virtual learning platforms : _ba case of moodle in Kenya / _cBrenda Nyangweso Nyanamba. |
||
| 260 | _cc2025. | ||
| 300 |
_aix, 99 leaves : _billustrations; _c30 cm. |
||
| 650 |
_aHuman-computer interaction _941827 |
||
| 650 | _aWeb-based user interfaces | ||
| 650 |
_aWeb-based instruction _xKenya |
||
| 720 | _aMoodle | ||
| 942 |
_2aua _cPROJECT _hMACS _i.N93 2025 |
||
| 999 |
_c25310 _d25310 |
||